LEADER 01324cam0-22004451i-450- 001 990000953330403321 005 20080617143359.0 035 $a000095333 035 $aFED01000095333 035 $a(Aleph)000095333FED01 035 $a000095333 100 $a20001205d1971----km-y0itay50------ba 101 0 $aeng 102 $aUS 105 $ay-------001yy 200 1 $aAlmost-periodic functions and functional equations$fLuigi Amerio and Giovanni Prouse 210 $aNew York$cVan Nostrand Reinhold$d1971 215 $avii, 184 p.$d247 cm 225 1 $a<>University Series in Higher Mathematics 610 0 $aAnalisi funzionale 610 0 $aAlgebre astratte 610 0 $aAnalisi funzionale$aTeoria degli operatori e delle trasformazioni integrali 676 $a517.00 676 $a517.36 676 $a515 700 1$aAmerio,$bLuigi$f<1912-2004>$01213 701 1$aProuse,$bGiovanni$06402 801 0$aIT$bUNINA$gRICA$2UNIMARC 901 $aBK 912 $a990000953330403321 952 $aMXII-A-26$b2261$fMAS 952 $a14A-114$b8180$fFI1 952 $a18-L-1-(26$b12209$fMA1 952 $a02 21 F 9$b2662$fFINBN 959 $aFI1 959 $aMAS 959 $aMA1 959 $aFINBN 996 $aAlmost-periodic functions and functional equations$9357964 997 $aUNINA LEADER 03051nam 22005413u 450 001 9910457734403321 005 20210107002639.0 010 $a1-282-07282-X 010 $a0-253-11198-6 035 $a(CKB)1000000000362324 035 $a(EBL)283661 035 $a(OCoLC)476030844 035 $a(SSID)ssj0000347361 035 $a(PQKBManifestationID)11232460 035 $a(PQKBTitleCode)TC0000347361 035 $a(PQKBWorkID)10332945 035 $a(PQKB)10078915 035 $a(MiAaPQ)EBC283661 035 $a(EXLCZ)991000000000362324 100 $a20130418d2006|||| u|| | 101 0 $aeng 135 $aur|n|---||||| 181 $ctxt 182 $cc 183 $acr 200 10$aHermeneutics at the Crossroads$b[electronic resource] 210 $aBloomington, IN $cIndiana University Press$d2006 215 $a1 online resource (265 p.) 300 $aDescription based upon print version of record. 311 $a0-253-34746-7 327 $aCover; Contents; preface; acknowledgments; Introduction; 1. Discourse on Matter: Hermeneutics and the "Miracle" of Unders; 2. Resuscitating the Author; 3. Gadamer's Hermeneutics and the Question of Relativism; 4. "The Knowledge That One Does Not Know": Gadamer, Levertov,and the Hermeneutics of the Question; 5. Hauntological Hermeneutics and the Interpretationof Christian Faith: On Being Dead Equal before God; 6. Limited Inc/arnation: Revisiting the Searle/Derrida Debatein Christian Context; 7. Meeting at the Modern Crossroads: Fiction, History,and Christian Understanding 327 $a8. The Hermeneutics of Deliverance: Robinson Crusoeand the Problem of Witnessing9. John Calvin's Notion of "Exchange" and the Usefulness of Literature; 10. The Improvisation of Hermeneutics: Jazz Lessons for Interpreters; 11. Ethical Hermeneutics and the Theater: Shakespeare's Merchant of Veni; 12. (Revelation, Interpretation) Authority: Kierkegaard's Book on Adler; contributors; index 330 $aIn this multi-faceted volume, Christian and other religiously committed theorists find themselves at an uneasy point in history -- between premodernity, modernity, and postmodernity -- where disciplines and methods, cultural and linguistic traditions, and religious commitments tangle and cross. Here, leading theorists explore the state of the art of the contemporary hermeneutical terrain. As they address the work of Gadamer, Ricoeur, and Derrida, the essays collected in this wide-ranging work engage ke 606 $aHermeneutics 608 $aElectronic books. 615 4$aHermeneutics. 676 $a121.686 676 $a121/.686 700 $aVanhoozer$b Kevin J$0615243 701 $aSmith$b James K. A.$f1970-$0900180 701 $aBenson$b Bruce Ellis$f1960-$0850527 801 0$bAU-PeEL 801 1$bAU-PeEL 801 2$bAU-PeEL 906 $aBOOK 912 $a9910457734403321 996 $aHermeneutics at the Crossroads$92026560 997 $aUNINA